000 01072cam a2200313 i 4500
001 18425553
003 EG-ScBUE
005 20240902092135.0
008 150105t2015 gw a f b 001 0 eng d
020 _a9783662455463 (alk. paper)
040 _aDLC
_beng
_erda
_cDLC
_dEG-ScBUE
082 0 4 _222
_a502.82
_bFAR
245 0 0 _aFar-field optical nanoscopy /
_c[edited by] Philip Tinnefeld, Christian Eggeling, Stefan W. Hell.
264 1 _aHeidelberg :
_bSpringer-Verlag Berline Heidelberg,
_c[2015]
264 4 _cc2015
300 _axii, 335 pages :
_billustrations ;
_c24 cm.
336 _2rdacontent
_atext
_btxt
337 _aunmediated
_2rdamedia
_bn
338 _avolume
_bnc
_2rdacarrier
490 0 _aSpringer series on fluorescence ;
_v14
504 _aIncludes bibliographical references and index.
650 7 _aFluorescence microscopy.
_2BUEsh
_939565
653 _bENGGEN
_cMay2016
655 _vReading book
700 1 _aTinnefeld, Philip,
_eeditor.
700 1 _aEggeling, Christian,
_eeditor.
700 1 _aHell, Stefan W.,
_eeditor.
942 _2ddc
_cBB
999 _c21705
_d21677